Statistics for H2O: Just add Water - General Knowledge

Click here to take the quiz!

General Stats

  • This quiz has been taken 214 times
  • The average score is 11 of 25

Answer Stats

HintAnswer% Correct
What is the name of the island where the girls are turned into mermaids?Mako island
96%
What country is the show set in?Australia
95%
What animal does Cleo help train at said place?Dolphin
74%
What is Lewis' main hobby?Fishing
70%
What name is the name of the cafe changed to in season 3 after it is purchased by Zane's father?Rikki's Cafe
69%
What is the name of Emma's main power?Hydro-Cryokinesis
68%
What country does Lewis get a science scholarship in?America/USA
64%
Who is Bella's main love intrest?Will
63%
What year did the show begin airing?2006
57%
What is the name of the cafe the trio frequent?JuiceNet
56%
Where does Bella get turned into a mermaid?Ireland
53%
Why is Emma absent from season 3 (according to the show)?Travelling the world
53%
What was the name of Charlottes mermaid grandmother?Gracie
47%
Whereabouts in said country is the show meant to be set in?Gold coast
40%
What is the name of Bella's main power?Gelidkinesis
33%
What is the name of Rikki's main power?Hydro-Thermokinesis
31%
What is the first episode called?Metamorphosis
25%
What do each of the girls where throughout season 2/3?Lockets
22%
What is the name of Cleo's main power?Hydrokinesis
21%
What is the name of Cleo's place of work in season 2/3?Sea World Marine Park
21%
What is the last episode of the show called?Graduation
18%
What is the name of the director of the show?Johnathan M Shiff
5%
What is the name of the spin off show from the series?Mako: Island of secrets
5%
What is the name of the high school the trio attend?South Coast High School
3%
What effect does the full moon have on cleo in the episode 'The Siren Effect'?Makes men attracted to her voice
2%

Score Distribution

Percentile by Number Answered

Percent of People with Each Score

Your Score History

You have not taken this quiz